000 00326 a2200157 4500
001 193093
020 _a978-85-7530-399-3
040 _cMagnum
100 _aTrindade, Kátia
240 1 0 _aPerseverança
_lpor
245 1 0 _aPerseverança
300 _a15
362 0 _a2015
697 _aLITERATURA INFANTIL
942 _cBK
999 _c193093
_d193093